|
|
|
|
| LEADER |
02762nam a22004815i 4500 |
| 001 |
978-3-642-24361-5 |
| 003 |
DE-He213 |
| 005 |
20151030111539.0 |
| 007 |
cr nn 008mamaa |
| 008 |
120103s2012 gw | s |||| 0|eng d |
| 020 |
|
|
|a 9783642243615
|9 978-3-642-24361-5
|
| 024 |
7 |
|
|a 10.1007/978-3-642-24361-5
|2 doi
|
| 040 |
|
|
|d GrThAP
|
| 050 |
|
4 |
|a QD415-436
|
| 072 |
|
7 |
|a PNN
|2 bicssc
|
| 072 |
|
7 |
|a SCI013040
|2 bisacsh
|
| 082 |
0 |
4 |
|a 547
|2 23
|
| 100 |
1 |
|
|a Qiu, Zaozao.
|e author.
|
| 245 |
1 |
0 |
|a Late Transition Metal-Carboryne Complexes
|h [electronic resource] :
|b Synthesis, Structure, Bonding, and Reaction with Alkenes and Alkynes /
|c by Zaozao Qiu.
|
| 264 |
|
1 |
|a Berlin, Heidelberg :
|b Springer Berlin Heidelberg,
|c 2012.
|
| 300 |
|
|
|a XVIII, 134 p.
|b online resource.
|
| 336 |
|
|
|a text
|b txt
|2 rdacontent
|
| 337 |
|
|
|a computer
|b c
|2 rdamedia
|
| 338 |
|
|
|a online resource
|b cr
|2 rdacarrier
|
| 347 |
|
|
|a text file
|b PDF
|2 rda
|
| 490 |
1 |
|
|a Springer Theses
|
| 505 |
0 |
|
|a Introduction -- Nickel-1,2-o-Carboryne Complexes -- Nickel-Mediated Coupling Reactions of 1,2-o-Carboryne with Alkenes -- Nickel-Mediated/Catalyzed Three-Component Cycloaddition Reaction of 1,2-o-Carboryne/Arynes, Alkenes, and Alkynes -- Nickel-Catalyzed Regioselective [2+2+2] Cycloaddition of 1,2-o-Carboryne with Alkynes -- Palladium/Nickel-Cocatalyzed [2+2+2] Cycloaddition of 1,3-o-Carboryne with Alkynes -- Conclusion -- Experimental Section.
|
| 520 |
|
|
|a In this thesis, Zaozao Qiu shows that transition metals can mediate or catalyze cycloaddition and coupling reactions of carboryne with alkynes or alkenes. These reactions afford benzocarboranes, alkenylcarboranes or dihydrobenzocarboranes, and are powerful strategies to assemble useful complex molecules in a single operation from very simple precursors. Carboranes have many applications in medicine. However, their unique structures make derivatization difficult and until now limited efficient synthetic methods to obtain functional carborane materials have restricted their application. This work breaks new ground in metal-carboryne chemistry and will have a significant impact on synthetic, cluster and materials chemistry. .
|
| 650 |
|
0 |
|a Chemistry.
|
| 650 |
|
0 |
|a Inorganic chemistry.
|
| 650 |
|
0 |
|a Organic chemistry.
|
| 650 |
|
0 |
|a Medicinal chemistry.
|
| 650 |
1 |
4 |
|a Chemistry.
|
| 650 |
2 |
4 |
|a Organic Chemistry.
|
| 650 |
2 |
4 |
|a Inorganic Chemistry.
|
| 650 |
2 |
4 |
|a Medicinal Chemistry.
|
| 710 |
2 |
|
|a SpringerLink (Online service)
|
| 773 |
0 |
|
|t Springer eBooks
|
| 776 |
0 |
8 |
|i Printed edition:
|z 9783642243608
|
| 830 |
|
0 |
|a Springer Theses
|
| 856 |
4 |
0 |
|u http://dx.doi.org/10.1007/978-3-642-24361-5
|z Full Text via HEAL-Link
|
| 912 |
|
|
|a ZDB-2-CMS
|
| 950 |
|
|
|a Chemistry and Materials Science (Springer-11644)
|